A Text-Book of Foundry Technology (Record no. 8695)

MARC details
000 -LEADER
fixed length control field 00387nam a22001577a 4500
003 - CONTROL NUMBER IDENTIFIER
control field OSt
008 - FIXED-LENGTH DATA ELEMENTS--GENERAL INFORMATION
fixed length control field 200704b ||||| |||| 00| 0 eng d
020 ## - INTERNATIONAL STANDARD BOOK NUMBER
International Standard Book Number 9788189928346
100 ## - MAIN ENTRY--PERSONAL NAME
Personal name KHANNA, O.P.
245 ## - TITLE STATEMENT
Title A Text-Book of Foundry Technology
250 ## - EDITION STATEMENT
Edition statement 21th Rep
260 ## - PUBLICATION, DISTRIBUTION, ETC. (IMPRINT)
Place of publication, distribution, etc New Delhi
Name of publisher, distributor, etc Dhanpat Rai Publications
Date of publication, distribution, etc 2019
300 ## - PHYSICAL DESCRIPTION
Extent 833
650 ## - SUBJECT ADDED ENTRY--TOPICAL TERM
Topical term or geographic name as entry element B.Tech(ME)
942 ## - ADDED ENTRY ELEMENTS (KOHA)
Source of classification or shelving scheme Dewey Decimal Classification
Koha item type Text Books
Holdings
Withdrawn status Lost status Source of classification or shelving scheme Damaged status Not for loan Collection code Home library Current library Date acquired Source of acquisition Currency Cost, normal purchase price Bill Number Total Checkouts Full call number Acc. no. / Barcode Date last seen Actual Cost, discounted price Bill Date Koha item type Date last borrowed
    Dewey Decimal Classification     B.Tech(ME) PIET C-LIBRARY PIET C-LIBRARY 04/07/2020 Kirti Praskshan IN Rupees 345.00 IN6679   671.2 KHF 31730 04/07/2020 258.60 16/03/2020 Text Books  
    Dewey Decimal Classification     B.Tech(ME) PIET C-LIBRARY PIET C-LIBRARY 04/07/2020 Kirti Praskshan IN Rupees 345.00 IN6679   671.2 KHF 31731 04/07/2020 258.60 16/03/2020 Text Books  
    Dewey Decimal Classification     B.Tech(ME) PIET C-LIBRARY PIET C-LIBRARY 04/07/2020 Kirti Praskshan IN Rupees 345.00 IN6679   671.2 KHF 31732 04/07/2020 258.60 16/03/2020 Text Books  
    Dewey Decimal Classification     B.Tech(ME) PIET C-LIBRARY PIET C-LIBRARY 04/07/2020 Kirti Praskshan IN Rupees 345.00 IN6679   671.2 KHF 31733 04/07/2020 258.60 16/03/2020 Text Books  
    Dewey Decimal Classification     B.Tech(ME) PIET C-LIBRARY PIET C-LIBRARY 04/07/2020 Kirti Praskshan IN Rupees 345.00 IN6679   671.2 KHF 31734 04/07/2020 258.60 16/03/2020 Text Books  
    Dewey Decimal Classification     B.Tech(ME) PIET C-LIBRARY PIET C-LIBRARY 04/07/2020 Kirti Praskshan IN Rupees 345.00 IN6679 1 671.2 KHF 31735 04/08/2021 258.60 16/03/2020 Text Books 05/04/2021

Design & Developed by: PIET Central Library
R70 Miles Stone Pattikalyana Samalkha Panipat 132102
mail ID :- [email protected], Phone No:- 0180-2569700 Ex.216